Emerging world cities in Pacific Asia (Record no. 29517)

MARC details
000 -LEADER
fixed length control field 00643nam a2200181Ia 4500
020 ## - INTERNATIONAL STANDARD BOOK NUMBER
ISBN 9789280809077
050 ## - CALL MARK
Classification number HT 334.A8 .F83/
100 ## - STATEMENT OF RESPONSIBILITY--MAIN AUTHOR NAME
Personal name Edited by Fu-chen Lo and Yue-man Yeung.
245 #0 - TITLE STATEMENT
Title Emerging world cities in Pacific Asia
260 ## - PUBLICATION, DISTRIBUTION, ETC. (IMPRINT)
Place of publication New York
260 ## - PUBLICATION, DISTRIBUTION, ETC. (IMPRINT)
Name of publisher United Nations University Press
260 ## - PUBLICATION, DISTRIBUTION, ETC. (IMPRINT)
Year of publication 1996
300 ## - PHYSICAL DESCRIPTION
Number of Pages 528 p
650 ## - SUBJECT ADDED ENTRY--TOPICAL TERM
Topical Term Metropolitan areas--Southeast Asia. Cities and towns--Southeast Asia. Metropolitan areas--East Asia. Cities and towns--East Asia. Southeast Asia--Economic conditions--20th century.
942 ## - ADDED ENTRY ELEMENTS (KOHA)
Koha item type Books
Holdings
Withdrawn status Lost status Source of classification or shelving scheme Damaged status Not for loan Permanent Location Current Location Date acquired Accession Number Price effective from Koha item type
    Library of Congress Classification     NILE UNIVERSITY OF NIGERIA - MAIN LIBRARY NILE UNIVERSITY OF NIGERIA - MAIN LIBRARY 04/23/2025 0194535 04/23/2025 Books